Křesťanství a lidská práva. - Brno
| Titel: | Křesťanství a lidská práva. - Brno : CDK-Vyšehrad. - 2002 [Rezension] |
|---|---|
| Verfasser: | |
| In: |
Křestanská revue, Band 64, Heft 6 (2002), Seite 167-168 alle Artikel anzeigen |
| Veröffentlicht: | 2002 |
| Format: | Aufsatz |
| Sprache: | Tschechisch |
X
alg: 39518548 001A $01999:12-11-16 001B $01999:09-08-21 $t17:42:27.000 001D $01999:12-11-16 001U $0utf8 001X $00 002@ $0Aox 003@ $0395185483 007A $0395185483 $aHEB 007T $0Herdp28828 010@ $acze 011@ $a2002 021A $aKřesťanství a lidská práva. - Brno $dCDK-Vyšehrad. - 2002 [Rezension] 028A $aKašper $dDavid 031A $d64 $e6 $h167-168 $j2002 039B $aIn $8--Abvc--. Křestanská revue. - Praha, 1927-. - ISSN 0023-4613 $x200200000640006833 $9047477830 039T $8--Aau--. Křest̕anství a lidská práva. - 1. vyd.. - Praha : Vyšehrad, 2002. - 167 S.. - ISBN 80-85959-89-5 $9128961333 045F $a900.94371 $eDDC23BSB 045F/01 $a900 045F/03 $g4371 045T $a1 $a7,41 lok: 39518548 78 exp: 39518548 78 1 #EPN 201B/01 $026-11-17 $t04:09:25.000 201U/01 $0utf8 203@/01 $0791498697 208@/01 $a12-11-16 $be 209A/01 $a/ $f000 $x00 220C/01 $aHerkunft: HÚ AV ČR Praha 244Z/01 $#Tschechien $#Tschechische Republik $#Tschechische Republik $#Tschechenland $#Tschechei Tschechien $#Česká Republika $#Czech Republic $#ČR $74303381-7 $8--Tg1--Tschechien $x01 $9086659812 244Z/01 $2Trx $#Böhmen $#Bohemia $#Czechy $8--Trx--Čechy $x02 $9391188941 244Z/01 $2Trx $#arvustused $#recenzijos $#Reviews $#recenziók $#recenzje $#recenzie $#recenze $8--Trx--Rezensionen $x03 $9391357441 247C/01 $82080>Marburg/Lahn, Herder-Institut, Forschungsbibliothek, Bibliographieportal $9336309341
| LEADER | 00000caa a22000002c 4500 | ||
|---|---|---|---|
| 001 | 395185483 | ||
| 003 | DE-603 | ||
| 005 | 20210809174227.0 | ||
| 007 | tu | ||
| 008 | 161112s2002 xx |||| | u00||u|cze c | ||
| 035 | |a (DE-599)HEB395185483 | ||
| 040 | |a DE-603 |b ger |c DE-603 |d DE-603 | ||
| 041 | |a cze | ||
| 082 | 0 | 4 | |8 1\u |a 900.94371 |q DE-101 |2 23/BSB |
| 084 | |a 1 |a 7,41 |2 ssgn | ||
| 085 | |8 1\u |b 900 | ||
| 085 | |8 1\u |z 2 |s 4371 | ||
| 100 | 1 | |a Kašper, David | |
| 245 | 0 | 0 | |a Křesťanství a lidská práva. - Brno |b CDK-Vyšehrad. - 2002 [Rezension] |
| 264 | 0 | |c 2002 | |
| 773 | 0 | 8 | |i In |t Křestanská revue |d Praha, 1927- |x 0023-4613 |g Band 64, Heft 6 (2002), Seite 167-168 |w (DE-603)047477830 |w (DE-600)301508-7 |
| 787 | 0 | 8 | |i Rezension von |t Křest̕anství a lidská práva |b 1. vyd. |d Praha : Vyšehrad, 2002 |h 167 S., 21 cm |z 8085959895 |z 8070215372 |w (DE-603)128961333 |
| 924 | 0 | |9 2080 |a (DE-603)791498697 |b DE-2080 |c HES |d d |g / | |


